00748nam a2200181 a 450000100100000000500170001000800410002704000250006808200150009310000280010824500950013626001300023130000360036150400300039704900090042795201130043699900170054900002784920200930031139.0110405s19uu dr ab 000 0 spa d aDO-SdBNPbspacBNPHU axxxbS129g1 aSagawe, Thorsten93727210aGeografía, población e historia en R. D. al través de los siglos /cThorsten Sagawe. aSanto Domingo :bUniversidad Autónoma de Santo Domingo ;bInstituto de Investigaciones Socioeconómicas (INISE),c[19--?]. a92 p. :bgraf., mapas ;c22 cm. aBibliografía : p. 89-92 aBNPD 0010718PDaPDbPDcCTd2011-04-05iLF1l0oxxx S129gp27849-10r2020-06-25w2020-06-25yLFPDZNo se presta c27341d27341